000 01086cab a2200241 4500
001 ABS57496
008 090401t1997 xxu||||| |||| 00| 0 eng d
035 _a(Sirsi) u80318
041 _aeng
245 _aAberdeen Steak Houses Group Ltd v Crown Estate Commissioners
260 _c1997
350 _a0
490 _aEstates Gazette
_v(9731) 2 August 1997, 101-105(5)
520 _aChD 7 February 1997. The defendant landlord wished to redevelop a property. Sent letter to plaintiff which contained a notice under Landlord and Tenant Act 1954 s25 and the terminating break clause of the lease. Plaintiff claimed the notice was invalid since the notice relied on s30(1)f of the Act. The application by the tenants claiming break clause was invalid was dismissed.
650 _aABERDEEN STEAK HOUSES GROUP LTD V CROWN ESTATE COMMISSIONERS
650 _aBREAK CLAUSE
650 _aLANDLORD AND TENANT ACT 1954 S25
650 _aNOTICE TO EXERCISE
650 _aVALIDITY
690 _aLANDLORD AND TENANT-CASE LAW-BUSINESS TENANCIES
942 _n0
948 _c19/08/1997
999 _c50579
_d50579